Abusos de publicidad.

Uloženo v:
Podrobná bibliografie
Hlavní autor: Zúñiga San Martín, Ana María
Médium: Kniha
Jazyk:španělština
Vydáno: Santiago, Chile Jurídica de Chile 1985
Edice:Ediciones Populares
Témata:
Tagy: Přidat tag
Žádné tagy, Buďte první, kdo vytvoří štítek k tomuto záznamu!

MARC

LEADER 00000nam a2200000 a 4500
001 UCV2052
003 CL-VaPUC
005 20240821130032.0
008 911003e19850000CL |||||||||||||||||spa|d
999 |c 209741  |d 209739 
040 |c Pontificia Universidad Católica de Valparaíso 
082 0 4 |a 343.082 ZUÑ 1985  |2 21 
100 0 |a Zúñiga San Martín, Ana María  |9 296264 
245 1 0 |a Abusos de publicidad. 
260 0 3 |a Santiago, Chile  |b Jurídica de Chile  |c 1985 
300 |a 132 páginas 
490 0 |a Ediciones Populares 
583 |a last modification  |c 19911003 00:00:00  |k Rodrigo Vera 
650 0 |a Abusos de publicidad  |9 257204 
650 0 |a Libertad de información  |9 257205 
650 0 |a Medios de comunicación  |9 257206 
942 |c BK  |2 ddc 
945 |d 19911003 00:00:00  |a aalvarez 
952 |0 0  |1 0  |2 ddc  |4 0  |6 343_082000000000000_ZUÑ_1985  |7 0  |8 A  |9 185434  |a BIBDER  |b BIBDER  |d 2019-11-14  |i 252922K  |o 343.082 ZUÑ 1985  |p 252922K  |r 2019-11-14  |t 1  |w 2019-11-14  |y BK  |k DER 
952 |0 0  |1 0  |2 ddc  |4 0  |6 343_082000000000000_ZUÑ_1985  |7 0  |8 A  |9 185435  |a BIBDER  |b BIBDER  |d 2019-11-14  |i 2529238  |o 343.082 ZUÑ 1985  |p 2529238  |r 2023-01-25  |t 2  |w 2019-11-14  |y BK  |k DER 
952 |0 0  |1 0  |2 ddc  |4 0  |6 343_082000000000000_ZUÑ_1985  |7 0  |8 A  |9 185436  |a BIBDER  |b BIBDER  |d 2019-11-14  |i 3126382  |o 343.082 ZUÑ 1985  |p 3126382  |r 2019-11-14  |t 3  |w 2019-11-14  |y BK  |k DER